000 00349nam a2200157Ia 4500
003 OSt
005 20240326102622.0
008 170524s9999 xx 000 0 und d
020 _a8172249748
040 _cIIMTU MEERUT
100 _astewart- william
245 0 _aBuilding self esteem
260 _bJaico Pub.
260 _c2003
942 _2ddc
_c02
999 _c6622
_d6622